000
00377nam a2200097Ia 4500
008
221009s9999 xx 000 0 und d
082
_a
001
245
0
_a
एस एस सी संयुक्त स्नातक स्तर TIER परीक्षा प्रैक्टिस वर्क बुक
260
_b
किरण प्रकाशन
942
_c
BK
999
_c
65127
_d
65127